000 00796nam a2200265 a 4500
001 63109
003 BD-RjUL
005 20211209081148.0
008 170128s1970 enk 000 1 eng d
020 _a0701116803 :
035 _a(BD-RjUL)63237
040 _aLC
_beng
_cLC
_dBD-RjUL
041 1 _aeng
082 0 0 _a843.912
_223
_bPRT 1970
100 1 _aProust, Marcel
_9187774
245 1 0 _aTime regained /
_cMarcel Proust, translated by Andreas Mayor
250 _a1st ed.
260 _aLondon :
_bChatto & Windus,
_c1970.
300 _axv, 474 p. ;
_c21 cm.
490 0 _aRemembrance of things past.
_vv. 12
651 0 _aFrance
_xSocial life and customs
_xFiction.
_9187775
700 _aMayor, Andreas
_9187776
830 _aRemembrance of things past.
_vv. 12
_9187779
942 _2ddc
_cBK
999 _c63109
_d63109